[Event "DEM U14w 2003"]
[Site "Willingen GER"]
[Date "2003.06.13"]
[Round "8"]
[White "Fuchs, Judith"]
[Black "Ohme, Melanie"]
[Result "1/2-1/2"]
[Termination "normal"]
[Board "1"]
[WhiteElo "1655"]
[BlackElo "1736"]
[PlyCount "53"]
[WhiteFideId "24605611"]
[BlackFideId "4690745"]
[EventCountry "GER"]
[EventRounds "9"]
[EventType "swiss"]
[EventDate "2003.06.07"]

1. d4 Nf6 2. c4 e5 3. dxe5 Ng4 4. Nf3 Nc6 5. Bf4 Bb4+ 6. Nbd2 Qe7 7. e3 Ngxe5
8. Nxe5 Nxe5 9. Be2 Qe6 10. Rc1 O-O 11. O-O b6 12. Nf3 Bd6 13. Nd4 Qg6 14. Bh5
Qf6 15. Nb5 Ba6 16. Nxd6 cxd6 17. b3 Qe6 18. Be2 Bb7 19. Qd4 Qg6 20. f3 Rfe8
21. Rcd1 Re6 22. Bxe5 Rxe5 23. Rf2 Re6 24. f4 f5 25. Bf3 Bxf3 26. Rxf3 Rae8 27.
Rd3 1/2-1/2

[Event "DEM U14w 2003"]
[Site "Willingen GER"]
[Date "2003.06.13"]
[Round "8"]
[White "Laake, Jasmin"]
[Black "Mader, Manuela"]
[Result "0-1"]
[Termination "normal"]
[Board "2"]
[WhiteElo "1669"]
[BlackElo "1672"]
[PlyCount "94"]
[WhiteFideId "4699939"]
[BlackFideId "24612928"]
[EventCountry "GER"]
[EventRounds "9"]
[EventType "swiss"]
[EventDate "2003.06.07"]

1. e4 e5 2. Nf3 Nc6 3. Bb5 f5 4. d4 exd4 5. e5 Bc5 6. Bf4 Nge7 7. O-O a6 8. Bc4
b5 9. Bb3 Na5 10. Ng5 Nxb3 11. Qh5+ g6 12. Qh6 Nd5 13. Qg7 Rf8 14. Nxh7 Qe7 15.
Qxg6+ Qf7 16. Nxf8 Qxg6 17. Nxg6 Nxa1 18. Nd2 Nxc2 19. Rc1 d3 20. Bg3 Bb7 21.
h4 Kf7 22. h5 Re8 23. Nf3 Ne7 24. Ng5+ Kg7 25. e6 d6 26. Nf4 Be4 27. Nf7 Ne3
28. h6+ Kh7 29. Ra1 Nc4 30. Nh5 Bd4 31. Bh4 Ng8 32. Kf1 Bxb2 33. Rd1 d2 34. Ke2
Bc2 35. Rxd2 Nxd2 36. Kxd2 Ba4 37. Bd8 Nxh6 38. Bf6 Nxf7 39. exf7 Rf8 40. Bxb2
Rxf7 41. Ke3 c5 42. f3 b4 43. Nf6+ Kg6 44. Nd5 Bc6 45. Nf4+ Kh6 46. Nd3 a5 47.
Kd2 c4 0-1

[Event "DEM U14w 2003"]
[Site "Willingen GER"]
[Date "2003.06.13"]
[Round "8"]
[White "Nguyen, Hoa My"]
[Black "Vollak, Marleen"]
[Result "1-0"]
[Termination "normal"]
[Board "3"]
[WhiteElo "1627"]
[BlackElo "1454"]
[PlyCount "67"]
[BlackFideId "24624233"]
[EventCountry "GER"]
[EventRounds "9"]
[EventType "swiss"]
[EventDate "2003.06.07"]

1. e4 c5 2. Nf3 e6 3. Nc3 Nc6 4. d4 cxd4 5. Nxd4 Qc7 6. g3 a6 7. Bg2 g6 8. O-O
Bg7 9. Nxc6 dxc6 10. Bf4 e5 11. Bg5 Ne7 12. Qe2 O-O 13. Rad1 Be6 14. Rd2 h6 15.
Be3 Kh7 16. Na4 Rfd8 17. Rxd8 Rxd8 18. Bb6 Qd6 19. Bxd8 Qxd8 20. Nc5 Bc8 21.
Qc4 Qb6 22. b3 Qb5 23. Qxb5 cxb5 24. f4 Nc6 25. Nd3 exf4 26. Rxf4 Be6 27. e5
Bf8 28. a4 bxa4 29. Rxa4 Bd7 30. Bd5 Ne7 31. Rf4 Nxd5 32. Rxf7+ Kg8 33. Rxd7
Ne3 34. Rxb7 1-0

[Event "DEM U14w 2003"]
[Site "Willingen GER"]
[Date "2003.06.13"]
[Round "8"]
[White "Zemella, Jennifer"]
[Black "Hofmann, Christine"]
[Result "0-1"]
[Termination "normal"]
[Board "5"]
[WhiteElo "1553"]
[BlackElo "1445"]
[PlyCount "86"]
[WhiteFideId "24636096"]
[EventCountry "GER"]
[EventRounds "9"]
[EventType "swiss"]
[EventDate "2003.06.07"]

1. e4 e5 2. Nf3 Qe7 3. Nc3 c6 4. Bc4 d6 5. O-O Be6 6. Be2 Nd7 7. d4 Ngf6 8. Bg5
h6 9. Bh4 O-O-O 10. d5 cxd5 11. Nxd5 Bxd5 12. exd5 g5 13. Bg3 Nh5 14. Qd2 f5
15. Qc3+ Kb8 16. Nd2 Nxg3 17. Qxg3 g4 18. a4 h5 19. b4 h4 20. Qb3 h3 21. g3 Qg5
22. Qe3 f4 23. Qd3 Bg7 24. Ne4 Qg6 25. a5 a6 26. Rab1 f3 27. Bd1 Nf6 28. Re1
Qe8 29. Nxf6 Bxf6 30. Qf5 Qf7 31. c4 Rhg8 32. b5 axb5 33. cxb5 Rg5 34. Qe4 Qg6
35. Qxg6 Rxg6 36. Bc2 Rg7 37. a6 Rc8 38. Be4 Ka7 39. Rb2 bxa6 40. bxa6 Rc5 41.
Reb1 Rgc7 42. Rb7+ Ka8 43. Bf5 Rc1+ 0-1

[Event "DEM U14w 2003"]
[Site "Willingen GER"]
[Date "2003.06.13"]
[Round "8"]
[White "Erben, Larissa"]
[Black "Tischer, Jana"]
[Result "0-1"]
[Termination "normal"]
[Board "6"]
[WhiteElo "1551"]
[BlackElo "1619"]
[PlyCount "120"]
[WhiteFideId "24634590"]
[BlackFideId "24617164"]
[EventCountry "GER"]
[EventRounds "9"]
[EventType "swiss"]
[EventDate "2003.06.07"]

1. e4 c5 2. Nf3 Nc6 3. d4 cxd4 4. Nxd4 g6 5. c4 Bg7 6. Be3 Nf6 7. Nc3 O-O 8.
Be2 d6 9. f3 Bd7 10. O-O a5 11. Qd2 Nxd4 12. Bxd4 Bc6 13. Nd5 Nd7 14. Rad1
Bxd4+ 15. Qxd4 Nc5 16. b3 Bxd5 17. exd5 Qb6 18. Qe3 Rfc8 19. Rb1 Qd8 20. a4 Qd7
21. Rfe1 Re8 22. Rb2 e5 23. Bd1 f5 24. Rbe2 b6 25. Bc2 Ra7 26. Kh1 Qg7 27. Rg1
Rae7 28. Rge1 e4 29. fxe4 Nxe4 30. Qf3 Nf2+ 31. Kg1 Ng4 32. Rxe7 Rxe7 33. Rxe7
Qxe7 34. h3 Qe1+ 35. Qf1 Qxf1+ 36. Kxf1 Ne3+ 37. Ke2 Nxc2 38. Kd2 Nd4 39. Kc3
Ne2+ 40. Kd2 Nf4 41. g3 Nxh3 42. Ke3 Kf7 43. Kf3 Kf6 44. Ke2 f4 45. gxf4 Nxf4+
46. Ke3 Ke5 47. Kf3 h5 48. Kg3 g5 49. Kf3 h4 50. Kf2 h3 51. Kg3 g4 52. Kh2 Ke4
53. b4 axb4 54. c5 bxc5 55. a5 Nxd5 56. a6 b3 57. a7 Nc7 58. Kg3 b2 59. Kh4
b1=Q 60. a8=Q+ Nxa8 0-1

[Event "DEM U14w 2003"]
[Site "Willingen GER"]
[Date "2003.06.13"]
[Round "8"]
[White "Mucha, Annegret"]
[Black "Weber, Kristina"]
[Result "1-0"]
[Termination "normal"]
[Board "7"]
[WhiteElo "1409"]
[BlackElo "1363"]
[PlyCount "107"]
[WhiteFideId "24622788"]
[EventCountry "GER"]
[EventRounds "9"]
[EventType "swiss"]
[EventDate "2003.06.07"]

1. e4 e6 2. d4 d5 3. Nc3 Nf6 4. Bg5 Be7 5. e5 Nfd7 6. h4 Bxg5 7. hxg5 Qxg5 8.
Nh3 Qe7 9. Nf4 Nb6 10. Qg4 g6 11. Bd3 Qb4 12. O-O-O Nc6 13. Nb5 Kd7 14. Bxg6
hxg6 15. Rxh8 a6 16. c3 Qxb5 17. Rh7 Kd8 18. Qg5+ Ke8 19. Rh8+ Kd7 20. Qf6 Nd8
21. Rxd8+ Kc6 22. Qxf7 Na4 23. Qe8+ Kb6 24. Qxb5+ axb5 25. Nxe6 c6 26. Nf4 Ka7
27. e6 Nb6 28. e7 Bd7 29. Rxa8+ Kxa8 30. Re1 Be8 31. Ne6 Ka7 32. Ng7 Bf7 33.
e8=Q Bxe8 34. Rxe8 Nc4 35. Ne6 Nd6 36. Rg8 Ne4 37. f4 Nf2 38. Rxg6 Nd3+ 39. Kb1
b4 40. f5 bxc3 41. bxc3 Nf2 42. f6 Nd1 43. Kc2 Ne3+ 44. Kd3 Nd1 45. Nc5 Nf2+
46. Kc2 Ne4 47. f7 Nxc5 48. dxc5 Ka6 49. f8=Q Kb5 50. Kb3 d4 51. cxd4 b6 52.
Qb8 Ka6 53. Qa8+ Kb5 54. Qa4# 1-0

[Event "DEM U14w 2003"]
[Site "Willingen GER"]
[Date "2003.06.13"]
[Round "8"]
[White "Gasch, Franziska"]
[Black "Jehle, Anja"]
[Result "1-0"]
[Termination "time forfeit"]
[Board "8"]
[WhiteElo "1546"]
[BlackElo "1618"]
[PlyCount "79"]
[WhiteFideId "24632139"]
[BlackFideId "24631434"]
[EventCountry "GER"]
[EventRounds "9"]
[EventType "swiss"]
[EventDate "2003.06.07"]

1. e4 e6 2. d4 d5 3. c4 dxe4 4. Nc3 Nf6 5. f3 Bb4 6. a3 Bxc3+ 7. bxc3 h6 8. Qc2
e3 9. Bxe3 b6 10. Bd3 Bb7 11. Nh3 Nc6 12. O-O O-O 13. Qd2 Nd7 14. Bxh6 Qh4 15.
Bg5 Qh8 16. Be3 Na5 17. Rab1 Rac8 18. Ng5 Rfd8 19. Bf2 Nf6 20. Qe2 Re8 21. Be1
Nc6 22. f4 Ne7 23. h3 a6 24. c5 b5 25. a4 c6 26. Bc2 Ba8 27. axb5 cxb5 28. c4
Bc6 29. Bd3 bxc4 30. Bxc4 Nh7 31. Bxa6 Rcd8 32. Bc3 Nf5 33. Qf2 Nf6 34. Rfd1
Nd5 35. Bd2 Nc7 36. Bb7 Nxd4 37. Bxc6 Nxc6 38. Rb7 Rc8 39. Bc3 f6 40. Nf3 1-0

[Event "DEM U14w 2003"]
[Site "Willingen GER"]
[Date "2003.06.13"]
[Round "8"]
[White "Völschow, Toni"]
[Black "Nuber, Helene"]
[Result "0-1"]
[Termination "normal"]
[Board "9"]
[WhiteElo "1382"]
[BlackElo "1542"]
[PlyCount "104"]
[WhiteFideId "24622591"]
[BlackFideId "24613045"]
[EventCountry "GER"]
[EventRounds "9"]
[EventType "swiss"]
[EventDate "2003.06.07"]

1. e4 Nf6 2. d3 e5 3. Nf3 Nc6 4. g3 d5 5. exd5 Nxd5 6. Bg2 Bd6 7. O-O O-O 8.
Nbd2 f6 9. Ne4 Bg4 10. Qe1 Ndb4 11. Qd2 Bxf3 12. Bxf3 Nd4 13. Bg2 Nbxc2 14. Rb1
Nb4 15. a3 Nbc6 16. b4 Rb8 17. Bb2 a6 18. Bxd4 Nxd4 19. Nc3 Qd7 20. Ne2 Nxe2+
21. Qxe2 Rfd8 22. Rfd1 Qb5 23. Be4 Qe8 24. Qc2 c6 25. d4 g6 26. Qc4+ Kg7 27.
dxe5 Bxe5 28. Bg2 Qf7 29. Qc2 Rd4 30. Rxd4 Bxd4 31. Rd1 Rd8 32. Kf1 Bb6 33.
Rxd8 Bxd8 34. Kg1 Bb6 35. Kf1 Qd7 36. Kg1 Qd4 37. Qa2 a5 38. b5 Qd1+ 39. Bf1
cxb5 40. Qe6 Qd4 41. Qe1 b4 42. axb4 axb4 43. Bg2 b3 44. Be4 b2 45. Kg2 Ba5 46.
Qb1 Qd2 47. Bxb7 Bb6 48. Be4 Bxf2 49. Kh1 f5 50. Bd3 Bd4 51. Bc2 Qf2 52. Bd3
Qf3# 0-1

[Event "DEM U14w 2003"]
[Site "Willingen GER"]
[Date "2003.06.13"]
[Round "8"]
[White "Ley, Janine"]
[Black "Weiß, Katharina"]
[Result "0-1"]
[Termination "normal"]
[Board "10"]
[WhiteElo "1360"]
[BlackElo "1541"]
[PlyCount "72"]
[WhiteFideId "24671274"]
[BlackFideId "24692859"]
[EventCountry "GER"]
[EventRounds "9"]
[EventType "swiss"]
[EventDate "2003.06.07"]

1. c4 c5 2. Nc3 Nc6 3. g3 g6 4. e3 Bg7 5. Nge2 e6 6. Bg2 Nge7 7. Nb5 d5 8. cxd5
exd5 9. O-O O-O 10. Nbc3 a6 11. Nf4 d4 12. Ne4 dxe3 13. fxe3 Qb6 14. Rb1 Bf5
15. b3 Nb4 16. a3 Nbd5 17. Qc2 Rac8 18. Qc4 Nxf4 19. Rxf4 Rfd8 20. g4 Be6 21.
Nf6+ Kh8 22. Qe4 Rc7 23. Qe5 Bxg4 24. Rxg4 Bxf6 25. Qf4 Qd6 26. Qxd6 Rxd6 27.
Bb2 Bxb2 28. Rxb2 b5 29. Rc2 Rd3 30. Rg5 f5 31. e4 Rxb3 32. exf5 Nxf5 33. Be4
Nd4 34. Rcxc5 Rxc5 35. Rxc5 Rxa3 36. Bb7 Nf3+ 0-1

[Event "DEM U14w 2003"]
[Site "Willingen GER"]
[Date "2003.06.13"]
[Round "8"]
[White "Popovic, Nathalie"]
[Black "Benzen, Marthe"]
[Result "1-0"]
[Termination "normal"]
[Board "11"]
[WhiteElo "1334"]
[BlackElo "1405"]
[PlyCount "103"]
[WhiteFideId "24630292"]
[BlackFideId "24647764"]
[EventCountry "GER"]
[EventRounds "9"]
[EventType "swiss"]
[EventDate "2003.06.07"]

1. d4 d5 2. c4 e6 3. Nc3 Nf6 4. Bg5 Nbd7 5. cxd5 exd5 6. Nf3 c6 7. e3 Bd6 8.
Qc2 Qc7 9. Bd3 O-O 10. O-O Re8 11. Rab1 b6 12. b4 Bb7 13. Rfc1 Rac8 14. a4 a5
15. bxa5 bxa5 16. Qb2 Ba8 17. Nb5 Qb8 18. Nxd6 Qxd6 19. Bf4 Qe6 20. Qd2 c5 21.
Qxa5 c4 22. Bc2 Bc6 23. Qb4 Ra8 24. Ra1 Ne4 25. Rcb1 Ndf6 26. h3 Re7 27. Ne5
Rb7 28. Qe1 Rxb1 29. Qxb1 Nc3 30. Qb4 Nfe4 31. f3 Ne2+ 32. Kf1 Nxf4 33. exf4
Nf6 34. a5 Qc8 35. Qb6 Ra6 36. Qc5 Nd7 37. Nxd7 Qxd7 38. Rb1 Qd8 39. Rb6 Rxb6
40. axb6 Qd7 41. Bf5 Qb7 42. Ke2 g6 43. Bc2 Kg7 44. f5 f6 45. fxg6 hxg6 46. g4
Kf7 47. h4 g5 48. hxg5 fxg5 49. Ke3 Bd7 50. Qc7 Qxc7 51. bxc7 Ke7 52. Bf5 1-0

[Event "DEM U14w 2003"]
[Site "Willingen GER"]
[Date "2003.06.13"]
[Round "8"]
[White "Gossmann, Anna Maria"]
[Black "Nekrassova, Katja"]
[Result "1-0"]
[Termination "normal"]
[Board "12"]
[WhiteElo "1575"]
[BlackElo "1220"]
[PlyCount "83"]
[EventCountry "GER"]
[EventRounds "9"]
[EventType "swiss"]
[EventDate "2003.06.07"]

1. e4 c5 2. Nf3 e6 3. d4 cxd4 4. Nxd4 Qb6 5. Nb3 Qc7 6. Nc3 a6 7. Be3 Nf6 8.
Bd3 d6 9. O-O b5 10. f4 Bb7 11. Nd2 d5 12. e5 Nfd7 13. Kh1 Nc5 14. Bxc5 Bxc5
15. Qh5 g6 16. Qh6 Bf8 17. Qh3 Nd7 18. Nb3 Nb6 19. Nd4 Bg7 20. Rae1 O-O 21. Rg1
Nd7 22. Re3 Nc5 23. Be2 Rad8 24. b4 Nd7 25. Rg3 Nb6 26. Qg4 Qe7 27. a3 Rc8 28.
h4 h5 29. Qh3 Nc4 30. Bxc4 Rxc4 31. Rd3 Rfc8 32. Nce2 Rf8 33. g4 Kh7 34. gxh5
gxh5 35. Rdg3 Bh6 36. Qg2 f6 37. Rg8 Qf7 38. Rxf8 Bxf8 39. exf6 Rxc2 40. Nf3 d4
41. Ng5+ Kg8 42. Nxf7+ 1-0

[Event "DEM U14w 2003"]
[Site "Willingen GER"]
[Date "2003.06.13"]
[Round "8"]
[White "Dittrich, Jacqueline"]
[Black "Goergen, Barbara"]
[Result "1/2-1/2"]
[Termination "normal"]
[Board "13"]
[WhiteElo "1473"]
[BlackElo "1526"]
[PlyCount "63"]
[WhiteFideId "24666270"]
[EventCountry "GER"]
[EventRounds "9"]
[EventType "swiss"]
[EventDate "2003.06.07"]

1. e4 c6 2. d4 d5 3. Nc3 dxe4 4. Nxe4 Bf5 5. Ng3 Bg6 6. h4 h6 7. Nf3 Nd7 8. h5
Bh7 9. Bd3 Bxd3 10. Qxd3 e6 11. Bf4 Ngf6 12. O-O-O Nd5 13. Bd2 Qc7 14. c4 N5b6
15. Ba5 Qf4+ 16. Bd2 Qc7 17. Kb1 a5 18. Rhe1 Be7 19. Bc3 Nf6 20. Nd2 Na4 21.
Nde4 Nxc3+ 22. Nxc3 O-O-O 23. Nce4 Kb8 24. Qe3 Rc8 25. Rd3 Rhd8 26. Red1 Rd7
27. Nxf6 Bxf6 28. Ne4 Be7 29. d5 cxd5 30. cxd5 Rxd5 31. Rxd5 exd5 32. Nc3
1/2-1/2

[Event "DEM U14w 2003"]
[Site "Willingen GER"]
[Date "2003.06.14"]
[Round "9"]
[White "Ohme, Melanie"]
[Black "Hofmann, Christine"]
[Result "1/2-1/2"]
[Termination "normal"]
[Board "1"]
[WhiteElo "1736"]
[BlackElo "1445"]
[PlyCount "59"]
[WhiteFideId "4690745"]
[EventCountry "GER"]
[EventRounds "9"]
[EventType "swiss"]
[EventDate "2003.06.07"]

1. e4 c6 2. Nc3 d5 3. d3 f5 4. g3 dxe4 5. dxe4 Qxd1+ 6. Kxd1 Nf6 7. Bg2 e6 8.
Nh3 Bc5 9. Ke2 O-O 10. Be3 Bxe3 11. Kxe3 Nbd7 12. f4 Nc5 13. e5 Nd5+ 14. Nxd5
cxd5 15. Nf2 b6 16. Nd3 Nxd3 17. cxd3 Bb7 18. Rac1 Rac8 19. Bf3 Kf7 20. d4 Ke7
21. Be2 Rxc1 22. Rxc1 Rc8 23. Rxc8 Bxc8 24. Kd2 Kd7 25. Kc3 Kc6 26. Kb4 a6 27.
Bd1 Bd7 28. Be2 Bc8 29. Bd1 Bd7 30. Be2 1/2-1/2

[Event "DEM U14w 2003"]
[Site "Willingen GER"]
[Date "2003.06.14"]
[Round "9"]
[White "Mader, Manuela"]
[Black "Nguyen, Hoa My"]
[Result "1/2-1/2"]
[Termination "normal"]
[Board "2"]
[WhiteElo "1672"]
[BlackElo "1627"]
[PlyCount "82"]
[WhiteFideId "24612928"]
[EventCountry "GER"]
[EventRounds "9"]
[EventType "swiss"]
[EventDate "2003.06.07"]

1. e4 c5 2. f4 Nc6 3. Nf3 e6 4. d3 g6 5. Be2 Bg7 6. c3 Nge7 7. O-O O-O 8. Qe1
f5 9. h3 e5 10. Qh4 exf4 11. Bxf4 fxe4 12. dxe4 d5 13. Bh6 Ne5 14. Nxe5 Rxf1+
15. Bxf1 Bxe5 16. Bg5 Qb6 17. Qf2 Qd6 18. Nd2 Be6 19. exd5 Rf8 20. Bxe7 Qxe7
21. Qe3 Bxd5 22. Re1 Re8 23. Bc4 Qf7 24. Bxd5 Qxd5 25. Qf2 Qxa2 26. b3 Qc2 27.
Rf1 Qf5 28. Qh4 Qh5 29. Qc4+ Kh8 30. Qf7 Rg8 31. Ne4 Qh6 32. Qxb7 Qe3+ 33. Kh1
Qe2 34. Rg1 g5 35. Qd5 Bb8 36. Nf6 Rf8 37. Qf5 Qe7 38. Rf1 Be5 39. Re1 Qxf6 40.
Qxe5 Qxe5 41. Rxe5 Rb8 1/2-1/2

[Event "DEM U14w 2003"]
[Site "Willingen GER"]
[Date "2003.06.14"]
[Round "9"]
[White "Laake, Jasmin"]
[Black "Fuchs, Judith"]
[Result "1/2-1/2"]
[Termination "normal"]
[Board "3"]
[WhiteElo "1669"]
[BlackElo "1655"]
[PlyCount "78"]
[WhiteFideId "4699939"]
[BlackFideId "24605611"]
[EventCountry "GER"]
[EventRounds "9"]
[EventType "swiss"]
[EventDate "2003.06.07"]

1. e4 c6 2. d4 d5 3. exd5 cxd5 4. c4 Nf6 5. Nc3 Be6 6. c5 g6 7. h3 Bg7 8. Nf3
O-O 9. Bf4 Nc6 10. Be2 Rc8 11. O-O Ne4 12. Nb5 b6 13. Na3 Nb4 14. Ne5 bxc5 15.
f3 Nd6 16. Qa4 Qb6 17. dxc5 Rxc5 18. Kh1 d4 19. Nd7 Bxd7 20. Qxd7 Rc7 21. Qa4
e5 22. Bd2 Nc6 23. Rab1 Nf5 24. Kh2 Qb8 25. b4 Rcc8 26. b5 Nce7 27. Kg1 Ng3 28.
Rfe1 Nxe2+ 29. Rxe2 Nd5 30. Nc4 Nb6 31. Nxb6 axb6 32. Qb3 Rc7 33. a4 Rfc8 34.
a5 bxa5 35. Bxa5 Rc1+ 36. Re1 Rxe1+ 37. Bxe1 Qb6 38. Qa3 Bf8 39. Ba5 Qb7
1/2-1/2

[Event "DEM U14w 2003"]
[Site "Willingen GER"]
[Date "2003.06.14"]
[Round "9"]
[White "Vollak, Marleen"]
[Black "Tovmasian, Nelli"]
[Result "1/2-1/2"]
[Termination "normal"]
[Board "4"]
[WhiteElo "1454"]
[BlackElo "1433"]
[PlyCount "126"]
[WhiteFideId "24624233"]
[BlackFideId "24611735"]
[EventCountry "GER"]
[EventRounds "9"]
[EventType "swiss"]
[EventDate "2003.06.07"]

1. d4 Nf6 2. c4 c5 3. d5 b5 4. cxb5 a6 5. bxa6 g6 6. Nc3 Bxa6 7. e4 Bxf1 8.
Kxf1 d6 9. Nf3 Bg7 10. h3 O-O 11. Kg1 Nbd7 12. Kh2 Qa5 13. Re1 Ne8 14. Qc2 Nc7
15. Bg5 f6 16. Bd2 Rfb8 17. b3 Na6 18. Na4 Nb4 19. Qc4 Nb6 20. Nxb6 Qxb6 21. a3
Na6 22. b4 cxb4 23. axb4 Rc8 24. Qb3 Nc5 25. Qe3 Nd7 26. Qxb6 Nxb6 27. Rxa8
Rxa8 28. Rc1 Rb8 29. Kg3 f5 30. Kf4 Bh6+ 31. Ng5 Bxg5+ 32. Kxg5 fxe4 33. Re1
Nxd5 34. Rxe4 Rb5 35. Kh4 Kf7 36. g4 Nf6 37. Rd4 d5 38. f4 Ne4 39. Be1 Nd6 40.
Kg5 Kg7 41. Bg3 Nf7+ 42. Kh4 Nd8 43. Rd1 Nc6 44. Be1 Nxb4 45. Bxb4 Rxb4 46.
Rxd5 Rxf4 47. Re5 Kf7 48. Kg5 Rf3 49. h4 Rh3 50. Re2 h6+ 51. Kxh6 Rxh4+ 52. Kg5
Rh8 53. Re4 Rc8 54. Re5 Rc6 55. Kh6 Rc8 56. Kg5 Rd8 57. Re4 Rd5+ 58. Kh6 e5 59.
Kg5 Kg7 60. Re3 Rb5 61. Re4 Kh7 62. Re3 Rc5 63. Re4 Kg7 1/2-1/2

[Event "DEM U14w 2003"]
[Site "Willingen GER"]
[Date "2003.06.14"]
[Round "9"]
[White "Tischer, Jana"]
[Black "Gasch, Franziska"]
[Result "0-1"]
[Termination "normal"]
[Board "5"]
[WhiteElo "1619"]
[BlackElo "1546"]
[PlyCount "58"]
[WhiteFideId "24617164"]
[BlackFideId "24632139"]
[EventCountry "GER"]
[EventRounds "9"]
[EventType "swiss"]
[EventDate "2003.06.07"]

1. e4 d5 2. exd5 Nf6 3. d4 Nxd5 4. c4 Nb6 5. Nf3 Bg4 6. Nc3 e5 7. dxe5 Qxd1+ 8.
Nxd1 Nc6 9. Bf4 O-O-O 10. Ne3 Bxf3 11. gxf3 Bb4+ 12. Ke2 Rd2+ 13. Ke1 Rd4+ 14.
Ke2 Rxf4 15. Bh3+ Kb8 16. a3 Be7 17. Rad1 Nxe5 18. Rhg1 Rxf3 19. Bg2 Rf6 20.
Be4 g6 21. b4 Nexc4 22. Bd5 Nxa3 23. Rg3 Bxb4 24. Ng4 Nxd5 25. Nxf6 Nxf6 26.
Rgd3 Bd6 27. Kf3 Nc4 28. Rd4 Ne5+ 29. Kg2 Nc6 0-1

[Event "DEM U14w 2003"]
[Site "Willingen GER"]
[Date "2003.06.14"]
[Round "9"]
[White "Zikeli, Saskia"]
[Black "Mucha, Annegret"]
[Result "0-1"]
[Termination "normal"]
[Board "6"]
[WhiteElo "1830"]
[BlackElo "1409"]
[PlyCount "58"]
[WhiteFideId "24601543"]
[BlackFideId "24622788"]
[EventCountry "GER"]
[EventRounds "9"]
[EventType "swiss"]
[EventDate "2003.06.07"]

1. e4 c5 2. Nf3 Nc6 3. d4 cxd4 4. Nxd4 g6 5. Nc3 Bg7 6. Be3 Nf6 7. Bc4 Qa5 8.
Bb3 Nxe4 9. Ndb5 Nxc3 10. Nxc3 Bxc3+ 11. bxc3 Qxc3+ 12. Bd2 Qe5+ 13. Be3 O-O
14. O-O Rd8 15. Re1 Qf6 16. Qd5 d6 17. Bg5 Qg7 18. Rad1 Be6 19. Qe4 Bxb3 20.
cxb3 Rd7 21. Qh4 f6 22. Bh6 Qf7 23. f4 Rc8 24. Rd3 Rdc7 25. Rg3 Nd4 26. Qg4 Rc1
27. Rxc1 Rxc1+ 28. Kf2 f5 29. Qh4 Qe6 0-1

[Event "DEM U14w 2003"]
[Site "Willingen GER"]
[Date "2003.06.14"]
[Round "9"]
[White "Nuber, Helene"]
[Black "Zemella, Jennifer"]
[Result "1/2-1/2"]
[Termination "normal"]
[Board "7"]
[WhiteElo "1542"]
[BlackElo "1553"]
[PlyCount "48"]
[WhiteFideId "24613045"]
[BlackFideId "24636096"]
[EventCountry "GER"]
[EventRounds "9"]
[EventType "swiss"]
[EventDate "2003.06.07"]

1. e4 c5 2. Nc3 e6 3. g3 d5 4. exd5 exd5 5. Bg2 d4 6. Nce2 Nc6 7. d3 Be7 8. Nf3
Be6 9. Nf4 Bf5 10. Nd2 Nf6 11. Nb3 O-O 12. O-O Rb8 13. Nh5 Nxh5 14. Qxh5 Bg6
15. Qg4 Re8 16. Bf4 Rc8 17. Rfe1 h6 18. Re2 Rf8 19. Rae1 Bd6 20. Bh3 Qf6 21.
Bxd6 Qxd6 22. Qd7 Qxd7 23. Bxd7 Rc7 24. Bg4 b6 1/2-1/2

[Event "DEM U14w 2003"]
[Site "Willingen GER"]
[Date "2003.06.14"]
[Round "9"]
[White "Weiß, Katharina"]
[Black "Erben, Larissa"]
[Result "1-0"]
[Termination "normal"]
[Board "8"]
[WhiteElo "1541"]
[BlackElo "1551"]
[PlyCount "89"]
[WhiteFideId "24692859"]
[BlackFideId "24634590"]
[EventCountry "GER"]
[EventRounds "9"]
[EventType "swiss"]
[EventDate "2003.06.07"]

1. e4 e5 2. Nf3 Nc6 3. Nc3 Nf6 4. d4 exd4 5. Nxd4 Bb4 6. Nxc6 bxc6 7. Bd3 O-O
8. O-O d5 9. exd5 cxd5 10. Bg5 c6 11. Qf3 Be7 12. Rfe1 Be6 13. h3 h6 14. Bh4
Qb6 15. Rab1 Qb4 16. Bg3 Rfe8 17. a3 Qa5 18. Ne2 Qb6 19. Nf4 Bd7 20. c4 dxc4
21. Bxc4 Bf5 22. Nd3 Bg6 23. Ne5 Bxb1 24. Bxf7+ Kh8 25. Bxe8 Rxe8 26. Rxb1 Bxa3
27. Qxa3 Ne4 28. Nf7+ Kg8 29. Nd6 Nxd6 30. Qxd6 Rd8 31. Qc7 Rf8 32. Qxb6 axb6
33. Bc7 b5 34. Rc1 Rf6 35. f4 Kf7 36. g4 g6 37. Kf2 Ke7 38. Rc5 Kd7 39. Be5 Rf7
40. Ke3 Ke6 41. Rxc6+ Kd5 42. Rxg6 Rh7 43. Rg7 Rxg7 44. Bxg7 Kc4 45. Ke4 1-0

[Event "DEM U14w 2003"]
[Site "Willingen GER"]
[Date "2003.06.14"]
[Round "9"]
[White "Weber, Kristina"]
[Black "Popovic, Nathalie"]
[Result "1-0"]
[Termination "normal"]
[Board "9"]
[WhiteElo "1363"]
[BlackElo "1334"]
[PlyCount "119"]
[BlackFideId "24630292"]
[EventCountry "GER"]
[EventRounds "9"]
[EventType "swiss"]
[EventDate "2003.06.07"]

1. d4 d5 2. c4 e6 3. Nc3 Nf6 4. Bg5 Be7 5. e3 O-O 6. Bd3 dxc4 7. Bxc4 a6 8. a4
Nbd7 9. Nge2 b6 10. O-O Bb7 11. Rc1 Rc8 12. Bd3 c5 13. f3 e5 14. Bb1 Re8 15.
Bxf6 Bxf6 16. d5 Bg5 17. Qd3 g6 18. Ne4 Bh6 19. Nd6 Nf6 20. Nxc8 Qxc8 21. Ba2
Rd8 22. Rcd1 Qd7 23. e4 Qxa4 24. Qb3 Qxb3 25. Bxb3 Ne8 26. Nc3 Nd6 27. Kf2 b5
28. Ra1 Ra8 29. Bc2 Nc4 30. Nd1 f6 31. b3 Nd6 32. Ne3 Kf7 33. g4 Bf4 34. h3 Kg7
35. Rfd1 h6 36. Ng2 g5 37. Nxf4 gxf4 38. Rdc1 c4 39. bxc4 Nxc4 40. Bb3 Rc8 41.
Bxc4 bxc4 42. Rc3 Kf7 43. Ra4 Ke7 44. Raxc4 Rxc4 45. Rxc4 Kd6 46. Ke2 Kd7 47.
Rb4 Bc8 48. Rb6 Ke7 49. Kd3 Bd7 50. Kc4 Bb5+ 51. Kc5 Be2 52. Rb7+ Kd8 53. d6
Bb5 54. Kd5 Kc8 55. Re7 Bd7 56. Rf7 a5 57. Kc5 a4 58. Kb4 Kd8 59. Rxf6 Ke8 60.
Rxh6 1-0

[Event "DEM U14w 2003"]
[Site "Willingen GER"]
[Date "2003.06.14"]
[Round "9"]
[White "Benzen, Marthe"]
[Black "Gossmann, Anna Maria"]
[Result "0-1"]
[Termination "normal"]
[Board "10"]
[WhiteElo "1405"]
[BlackElo "1575"]
[PlyCount "84"]
[WhiteFideId "24647764"]
[EventCountry "GER"]
[EventRounds "9"]
[EventType "swiss"]
[EventDate "2003.06.07"]

1. e4 e5 2. Nf3 Nc6 3. d4 exd4 4. Nxd4 Bc5 5. Be3 Qf6 6. c3 Nge7 7. Bc4 d6 8.
Nd2 Nxd4 9. Bxd4 Bxd4 10. cxd4 Qxd4 11. Qb3 O-O 12. Rc1 c6 13. Qc2 Ng6 14. O-O
Qf6 15. Nf3 Bg4 16. Nd2 Ne5 17. f3 Bd7 18. Bb3 Qg6 19. f4 Ng4 20. Rf3 Nf6 21.
Qd3 Rad8 22. Qe3 a6 23. Bc2 Qh6 24. Nf1 Rfe8 25. Re1 Be6 26. b3 Kh8 27. Qc3 Qh5
28. f5 Bc8 29. Ng3 Qh6 30. Ne2 Nxe4 31. Bxe4 Rxe4 32. f6 g6 33. Rg3 Rde8 34.
Kf2 Qh5 35. Qd3 d5 36. Rf3 Qxh2 37. Qb1 Qh4+ 38. Rg3 Rxe2+ 39. Rxe2 Rxe2+ 40.
Kxe2 Qxg3 41. Qh1 Qe5+ 42. Kd3 Qxf6 0-1